Online Catalogue and eLibrary

Fomuilating projects with people (Record no. 1794)

MARC details
000 -LEADER
fixed length control field 00223nam a2200097Ia 4500
008 - FIXED-LENGTH DATA ELEMENTS--GENERAL INFORMATION
fixed length control field 240331s9999 xx 000 0 und d
082 ## - DDC Classification
Item Number - Author Mark BHA
100 ## - MAIN ENTRY--PERSONAL NAME
Personal name Bhasin, Kamla
245 #0 - TITLE STATEMENT
Title Fomuilating projects with people
942 ## - Koha item type (Biblio)
Koha item type Books in Stacks (Lending)

No items available.

© WERC Library